00349nam a2200133Ia 4500003000400000008004100004020002700045040000800072100001900080245004800099260004800147300000800195365001200203LDD181029s9999 xx 000 0 und d a9788189304140c1995.00 cLDD aSaklani, P. S. 0aHimalayabgeological aspectscP. S. Saklani aDelhibAatish Serial Publishing Housec2006 a5v. b1995.00